01466cpcaa2200325 a 4500001001300000003000400013005001700017008004100034010001700075040002400092072001200116100003400128245004800162300001400210506002200224520028700246545005700533546003600590580005700626600004900683600009600732650004000828651003400868651005000902651004100952651004100993656002801034656006101062999001701123mm 80002068 DLC20260227111658.0800115|||||||||||| eng  amm 80002068  aDLCcDLCdDLCedacs 7aC2lcmd1 aWalker, Benjamin,d1753-1818.00aBenjamin Walker correspondence,f1785-1792. a2fitems.0 aOpen to research.8 aALS (1785 January 26) written by Walker to Baron Friedrich Wilhelm Ludolf Gerhard Augustin von Steuben regarding financial matters and ALS (1792 September 25) from Walker to Andrew Craigie concerning land transactions in New York and the influx of German and Irish immigrants there.0 aU.S. representative from New York and naval officer. aCollection material in English. aForms part of; Miscellaneous Manuscripts collection.10aCraigie, Andrew,d1744-1819vCorrespondence.10aSteuben, Friedrich Wilhelm Ludolf Gerhard Augustin,cBaron von,d1730-1794vCorrespondence. 0aFinance, PersonalzNew York (State) 0aLand tenurezNew York (State) 0aNew York (State)xEmigration and immigration. 0aGermanyxEmigration and immigration. 0aIrelandxEmigration and immigration. 7aNaval officers.2itoamc 7aRepresentatives, U.S. CongresszNew York (State)2itoamc c42442d42442